000 00851nas a2200277 4500
001 BR8602626
003 BR-BrBNA
005 20231205090506.0
007 ta
008 230509b bl.|||p| |||| 00| 00por d
040 _aBR-BrBNA
_bpor
_cBiblioteca Nacional de Agricultura
041 _a(Pt)
072 _aL73
100 1 _aIto, N.M.K.
100 1 _aBohm, G.M.
245 1 _aResposta inflamatoria em aves
246 1 _a[Inflammatory response in poultry]
650 _aGALINHA
650 _aINFLAMACAO
650 _aANTIINFLAMATORIO
650 _aPROSTAGLANDINA
650 _aHISTAMINA
773 0 _tComunicacoes Cientificas da faculdade de Medicina Veterinaria e Zootecnia da Universidade de Sao Paulo (Brazil)
_xISSN 0100-3313
_g(1985), v. 9(1) p. 11-18
_wBR8602626
909 _a202311
_bLúcia
_c55
_dLúcia Elande
942 _2AGRIS
_n0
_cANA
999 _c118810
_d118810